000 00345nas a2200157 a 4500
001 43079
003 112232
005 20201118101838.0
008 ||||||n9999 ||| || ||
041 _aeng
245 0 _aTime - Vol.150.No.21
260 _aEstados Unidos :
_bTime,
_c1997.
562 _e1
773 _021966
_aTime
942 _cSISS
999 _c43079
_d43079